Quo vadis, Libye?

Nádeje na zlepšenie pomerov v Líbyi sa nenaplnili. Boje ozbrojených skupín, ktoré v roku 2011 pomáhali zvrhnúť vtedajší autoritársky režim. Paralyzovaný politický systém. Záujem Európskej únie o stabilné a pokiaľ možno demokratické usporiadanie Líbye. Migrácia a energetika. Hľadanie najmenej zlých r...

Full description

Saved in:
Bibliographic Details
Main Author: Kaleta, Ondřej
Format: Book Chapter
Language:Czech
Subjects:
Tags: Add Tag
No Tags, Be the first to tag this record!

MARC

LEADER 00000nla a2200000 4500
001 0196647
005 20240417075053.0
041 0 |a cze 
044 |a CZ 
245 1 0 |a Quo vadis, Libye?  |c Ondřej Kaleta 
520 |a Nádeje na zlepšenie pomerov v Líbyi sa nenaplnili. Boje ozbrojených skupín, ktoré v roku 2011 pomáhali zvrhnúť vtedajší autoritársky režim. Paralyzovaný politický systém. Záujem Európskej únie o stabilné a pokiaľ možno demokratické usporiadanie Líbye. Migrácia a energetika. Hľadanie najmenej zlých riešení. 
610 2 0 |a politika vnútorná 
610 2 0 |a politika medzinárodná 
610 2 0 |a konflikty náboženské 
610 2 0 |a energetika 
610 2 0 |a ropa 
610 2 0 |a migrácia 
610 2 0 |a Líbya 
100 1 |a Kaleta, Ondřej